ბათუმის შოთა რუსთაველის სახელმწიფო უნივერსიტეტის ბიბლიოთეკა

Women in Japanese Religions / (ბიბ.ჩანაწერი № 63987)

000 -LEADER
fixed length control field 00560nam a22001697a 4500
005 - DATE AND TIME OF LATEST TRANSACTION
control field 20260304170805.0
008 - FIXED-LENGTH DATA ELEMENTS--GENERAL INFORMATION
fixed length control field 260304s2015 enk||||| |||| 00| 0 eng d
020 ## - INTERNATIONAL STANDARD BOOK NUMBER
International Standard Book Number 9781479884063x
041 ## - LANGUAGE CODE
Language code of text/sound track or separate title eng
080 ## - UNIVERSAL DECIMAL CLASSIFICATION NUMBER
Universal Decimal Classification number 27/29(520)-055.2 A-46
100 ## - MAIN ENTRY--PERSONAL NAME
Personal name Ambros, Barbara R.
9 (RLIN) 27047
245 ## - TITLE STATEMENT
Title Women in Japanese Religions /
Statement of responsibility, etc. Barbara R. Ambros.
264 ## - PRODUCTION, PUBLICATION, DISTRIBUTION, MANUFACTURE, AND COPYRIGHT NOTICE
Place of production, publication, distribution, manufacture New York :
Name of producer, publisher, distributor, manufacturer New York university Press,
Date of production, publication, distribution, manufacture, or copyright notice 2015.
300 ## - PHYSICAL DESCRIPTION
Extent 238 p.:
Other physical details ill.
Dimensions 29 cm.
653 ## - INDEX TERM--UNCONTROLLED
keyword ქალები იაპონურ რელიგიებში
942 ## - ADDED ENTRY ELEMENTS (KOHA)
Source of classification or shelving scheme
Koha item type წიგნი
ეგზემპლარები
Withdrawn status Lost status Source of classification or shelving scheme Damaged status Not for loan Permanent Location Current Location Shelving location Date acquired Cost, normal purchase price Full call number Barcode Date last seen Copy number Uniform Resource Identifier Price effective from Koha item type Public note
          ბათუმის შოთა რუსთაველის სახელმწიფო უნივერსიტეტის მთავარი ბიბლიოთეკა ბათუმის შოთა რუსთაველის სახელმწიფო უნივერსიტეტის მთავარი ბიბლიოთეკა წიგნის კალათა 2026-03-04 15.00 27/29(520)-055.2 A-46 73873 2026-03-04 73873 იაპონიის ელჩის საცუქარი 2026-03-04 წიგნი 15 ლ.